La resiliencia en el mundo de hoy: cómo superar las adversidades /
En esta obra, la autora provee la información necesaria para entender los fundamentos esenciales de la resiliencia, así como sus usos para afrontar y superar los obstáculos y tragedias de la vida personal y comunitaria. Es un enfoque práctico de carácter multidisciplinar donde se tratan temas de la...
Na minha lista:
| Autor principal: | |
|---|---|
| Formato: | Desconhecido |
| Idioma: | Spanish |
| Publicado em: |
Barcelona, España :
Gedisa,
|
| Colecção: | Colección Psicología/Resilencia
|
| Assuntos: | |
| Tags: |
Adicionar Tag
Sem tags, seja o primeiro a adicionar uma tag!
|
MARC
| LEADER | 00000 a2200000 04500 | ||
|---|---|---|---|
| 001 | 40807 | ||
| 003 | |||
| 008 | 050628s2006 sp spa d | ||
| 040 | |a CRAI/IIS |c CRAI/IIS | ||
| 020 | |a 84-9784-138-7 | ||
| 090 | |a 1001 H496r | ||
| 100 | |a Henderson Grotberg, Edith |e compilador | ||
| 245 | |a La resiliencia en el mundo de hoy: |b cómo superar las adversidades / |c Edith Henderson Grotberg , compiladora | ||
| 260 | |a Barcelona, España : |b Gedisa, | ||
| 300 | |a 391 páginas | ||
| 440 | |a Colección Psicología/Resilencia | ||
| 520 | |a En esta obra, la autora provee la información necesaria para entender los fundamentos esenciales de la resiliencia, así como sus usos para afrontar y superar los obstáculos y tragedias de la vida personal y comunitaria. Es un enfoque práctico de carácter multidisciplinar donde se tratan temas de la resiliencia personal, familiar y comunitaria, se incluye así la construcción de la resiliencia para el fortalecimiento de las capacidades comunitarias nacionales como inmigrantes. | ||
| 590 | |a RRA/FEBRERO2011 | ||
| 650 | |a RESILIENCIA | ||
| 650 | |a ASPECTOS PSICOLOGICOS | ||
| 650 | |a COMPORTAMIENTO SOCIAL | ||
| 650 | |a TEORIA | ||
| 650 | |a PSICOLOGIA | ||
| 650 | |a AMERICA LATINA | ||
| 650 | |a INMIGRANTES | ||
| 650 | |a ESTADOS UNIDOS | ||
| 650 | |a DESASTRES | ||
| 999 | |c 1970 |d 1970 | ||



